LEADER 01760nam 2200373zu 450 001 996712698603316 005 20250313084225.0 035 $a(CKB)37819765800041 035 $aon1529634890 035 $a(ItFiC)6027892 035 $a(EXLCZ)9937819765800041 100 $a20250313|2024uuuu || | 101 0 $aeng 135 $aur||||||||||| 200 10$aSostenibilità economico-finanziaria e gestione delle entrate negli enti locali $eil Progetto I.B.D.M.E.T. per l'interoperabilità delle banche dati /$fMaria Teresa Nardo 205 $a2a ed. 210 $aMilano $cF. Angeli$d2024 215 $a109 p. $cill 225 0 $aEconomia. Ricerche 300 $aFirst ed, 2023. 300 $aOnline only available. 300 $a267837 characters 311 08$a88-351-7772-3 320 $aIncludes bibliographical references. 330 $aIl volume è il risultato di un progetto di ricerca finalizzato a rappresentare l'esperienza di alcuni enti locali in difficoltà finanziarie che sono riusciti a sperimentare modelli organizzativi e tecnologie innovative nella gestione delle entrate con lo scopo di ripristinare la sostenibilità economico-finanziaria della gestione. Il focus centrale è l'uso integrato di diverse banche dati per la migliore gestione dei tributi che, soprattutto in alcuni comuni collocati in specifici territori del Mezzogiorno, risultano di difficile accertamento e riscossione. [Testo dell'editore] 610 $aEconomia, economia aziendale. 676 $a336 700 $aNardo$b Maria Teresa$0438197 801 0$bItFiC 801 1$bItFiC 906 $aBOOK 912 $a996712698603316 996 $aSostenibilità economico-finanziaria e gestione delle entrate negli enti locali$94561512 997 $aUNISA